Macroeconomic policy lessons from LDCS (Registro nro. 30370)

Detalles MARC
000 -LEADER
fixed length control field 00341 a2200109 4500
001 - CONTROL NUMBER
control field ART_28123
005 - DATE AND TIME OF LATEST TRANSACTION
control field 20260410161951.0
008 - FIXED-LENGTH DATA ELEMENTS--GENERAL INFORMATION
fixed length control field 260409a
100 1# - MAIN ENTRY--PERSONAL NAME
Personal name Rodríguez, Carlos Alfredo
245 10 - TITLE STATEMENT
Title Macroeconomic policy lessons from LDCS
773 0# - HOST ITEM ENTRY
Title Journal of applied economics
Related parts - Vol. 3, Nº 1 (mayo 2000)
Record control number REV28044

No hay ítems disponibles.